Most Traded Currencies - Statistics

General Stats
  • This quiz has been taken 41 times
  • The average score is 14 of 25
Answer Stats
Rank Answer % Correct
2 Euro
100%
1 US Dollar
97%
3 Japanese Yen
95%
4 Pound Sterling
89%
5 Australian Dollar
78%
6 Canadian Dollar
78%
10 Mexican Peso
78%
8 Chinese Yuan
68%
17 Indian Rupee
65%
7 Swiss Franc
62%
18 Russian Ruble
54%
11 New Zealand Dollar
51%
15 South Korean Won
51%
19 Brazilian Real
49%
20 South African Rand
49%
16 Turkish Lira
49%
9 Swedish Krona
43%
14 Norwegian Krone
41%
12 Singapore Dollar
41%
22 Polish Zloty
38%
21 Danish Krone
32%
13 Hong Kong Dollar
32%
25 Malaysian Ringgit
30%
24 Thai Baht
30%
23 Taiwan Dollar
22%
No matching quizzes found
Score Distribution
Percent of People with Each Score
Percentile by Number Answered
Your Score History
You have not taken this quiz